000
00302nam a2200121Ia 4500
008
190216s9999||||xx |||||||||||||| ||und||
100
_a
"Saxena And Arora,Prakash"
245
0
_a
Electricity And Electronics
260
_b
Pragathi Prakashan
_c
1985
300
_a
711p
650
_a
Physics
942
_c
BK
999
_c
32991
_d
32991